Canciones Melendi - Estadísticas

Estadísticas generales
  • Esta prueba ha sido intentada 620 veces
    606 desde el último reinicio
  • La puntuación promedio es 44 de 146
Estadísticas de respuestas
Sin Noticias de Holanda % Correcto
Lágrimas desordenadas
88%
Sin noticias de Holanda
86%
Tu jardín con enanitos
79%
Caminando por la vida
77%
Curiosa la cara de tu padre
77%
La promesa
75%
Barbie de extrarradio
73%
Tocado y hundido
65%
Un violinista en tu tejado
60%
Sé lo que hicisteis
59%
Cheque al portamor
58%
Que el cielo espere sentao
58%
Saraluna
58%
Mi primer beso
56%
Con la luna llena
55%
Hablando en plata
55%
Loco
55%
Mientras no cueste trabajo
55%
El Nano
53%
Con sólo una sonrisa
52%
Kisiera yo saber
52%
Destino o casualidad
51%
Volvamos a empezar
51%
Quítate las gafas
50%
Asturias
49%
Déjala que baile
49%
Piratas del bar Caribe
49%
Billy el Pistolero
48%
Mi rumbita pa' tus pies
48%
Likes y cicatrices
47%
Arriba Extremoduro
46%
Vuelvo a traficar
46%
Desde que estamos juntos
45%
El informe del forense
45%
Llueve
44%
Calle la pantomima
43%
Canción de amor caducada
43%
El parto
42%
Como una vela
41%
Novia a la fuga
41%
Desde mi ventana
40%
Autofotos
38%
Cenizas en la eternidad
38%
Un recuerdo que olvidar
37%
Aprendiz de caballero
35%
El amor es un arte
35%
Posdata
35%
Septiembre
35%
De pequeño fue el Coco
34%
Mesías de Vallecas
33%
Colgado de la vecina
32%
Cuestión de prioridades
32%
El gordo y el narco
32%
La religión de los idiotas
32%
Cannabis
31%
Moratalá
31%
Carlota
30%
Gatos celestes
30%
Trae pa' k esa yerba güena
30%
Volantes pa' la falda mi gitana
29%
La tortura de Lyss
28%
Como dijo el rey
27%
Como se bailan los tangos
26%
La Electricidad
26%
Los premios Pinocho
26%
Por amarte tanto
26%
Tú de Elvis y yo de Marilyn
26%
Una historia de tantas
26%
Casi
25%
Con tanto héroe
25%
Entre la ropa sucia de Cupido
25%
La casa no es igual
25%
Porque tú no eres un coche
25%
Soy tu superhéroe
25%
El arrepentido
24%
La mi mozuca
24%
Mírame
24%
Tu lista de enemigos
24%
Contando primaveras
23%
Hasta que la muerte los separe
23%
De repente desperté
22%
Melancolemia
22%
Mis alas son tus hojas
22%
Somos
22%
Andadas
21%
Con tu amor es suficiente
21%
Mi ley
21%
Quiero ser feliz
21%
Corazón de peón
20%
De bar en peor
20%
Echarte a suertes
20%
La Boca Junta
20%
Tan tonto cómo tú
20%
Gangs of London
19%
Perdóname ángel
19%
Sin remitente
19%
Vampiresa
19%
Yo me veo contigo
19%
Zoociedad
19%
Cierra los ojos
18%
En ocasiones veo muertos
18%
Una historia de dos
18%
Un tipo diferente
18%
El ciego
17%
Maldita vida loca
17%
Como el agua y el aceite
16%
Déjame vivir
16%
El Único Habitante de tu Piel
16%
La chica perfecta
16%
Mi código postal
16%
Por si las Moscas
16%
Fiesta en Cocoplum
15%
Hoy
15%
La dama y el vagabundo
15%
Qué dura la vida de la musa
15%
Existen los ángeles
14%
Habitantes de un mismo planeta
14%
Hijos del mal
14%
Lo nuestro fue muy top
14%
Para que no se escapen tus mariposas
14%
Simplemente Dilo
14%
Violeta
14%
Flores de agua y plomo
13%
La apuesta
13%
Lo que nos merecemos
13%
89 grados Fahrenheit
12%
Al Otro Lado del Pacífico
12%
Las cosas del amor
12%
Negro sin ti
12%
Pa' que yo la cantara
12%
Qué más puede salir mal
12%
Síndrome de Estocolmo
12%
Un Ex y un No
12%
Mi mayor fortuna
11%
Un amor tan grande
11%
Adiós soledad
10%
Amigos de la crisis
10%
El tiempo que gasto
10%
Ni pa la pipa la sal
10%
Mi generación
9%
Tiempos de re-evolución
9%
Una noche para siempre
9%
Ni error ni tontería
8%
El límite
7%
Hace falta un milagro
7%
Aves de paso
2%
No se encontraron pruebas coincidentes
Distribución de puntuación
Porcentaje de gente con cada puntuación
Porcentaje por número respondido
Historial de tus puntuaciones
No has intentado esta prueba desde el último reinicio